000 00424nam a2200157Ia 4500
008 210716s2007 xx 000 0 und d
020 _a9780615143057
041 _aeng
082 _a658.8 MASO
100 _aMascarenhas, Oswald A J.
245 _aResponsible marketing concepts theories models strategies and cases.
250 _a1
260 _aUSA
_bRoval Publishing Co
_c2007
300 _a591
650 _aMarketing
999 _c201181
_d201181